000 01060nam a2200253Ia 4500
999 _c54185
_d54185
001 21241
003 GE_BSU
005 20211007120559.0
008 181216s2010||||ge |||||||||||||| ||geo||
020 _a9789994041145
040 _cGE_BSU
041 _ageo
080 _a811.353.1'367(075.8) კ-44
100 _aკვაჭაძე, ლეო
_98939
245 _aთანამედროვე ქართული ენის სინტაქსი :
_bსახელმძღვანელო /
_cლეო კვაჭაძე ; რედ. მ. სუხიშვილი.
250 _a5-ე შევსებული გამოცემა
264 _aთბილისი :
_bცოტნე,
_c2010.
300 _a544 გვ. ;
_c 24 სმ.
541 _h20 ლ.
653 _aთანამედროვე ქართული ენის სინტაქსი
653 _aქართული ენა
700 _a სუხიშვილი, მ.
_eრედაქტორი
_912606
942 _cBK
_2udc